000 00397cam a2200157ua 4500
041 _aeng
_h
082 _a828.09
_bENT/LI
100 _aEntwistle, William J .
245 _aLiterature of England AD 500-1960 /
_cWilliam J Entwistle.
_hTextual Documents
260 _aLondon :
_bLongman.
300 _a302 ; .
504 _a
700 1 _aGillette, Eric .
942 _cBK
999 _c5328
_d5328